000 00843nam a2200205Ii 4500
003 JO-AjNU
008 230605s9999||||xx |||||||||||||| ||und||
017 _a2014/6/2607
040 _aJO-AjNU
_bara
_erda
_cJO-AjNU
041 _aara
050 1 4 _aPJ7828 2012
100 3 _aإعداد وتحرير وإشراف الشلبي، محمود,
_eauthor
_947276
245 0 0 _aرحيق الوعي: إبداعات أدبية ( 1) باقلام الطلبة
264 3 1 _aالرمثا - الأردن: جامعة العلوم والتكنولوجيا الأردنية، عمادة شؤون الطلبة، 2012
300 _a337ص
336 _atext
_btxt
_2rdacontent
337 _aunmediated
_bn
_2rdamedia
338 _avolume
_bnc
_2rdacarrier
650 4 _aالشعر العربي - المقالات الادبية - النثر العربي
_947277
999 _aA20626
_c24194
_d24194